000 00581nam a2200217Ia 4500
003 OSt
005 20220925223023.0
006 a|||||r|||| 00| 0
007 ta
008 220923b |||||||| |||| 00| 0 eng d
037 _cGeneral Book
040 _aRTL
_cRTL
_beng
041 _2eng
_aeng
082 _aY:3(Q), K3
100 _aWeil Simone
_976592
245 0 _aGravity and grace. Tr. by Emma Crauford
260 _aLondon
_bRoutledge
_c1963
300 _axxxvii,160p
_ccm.
942 _hY:3(Q), K3
_cGB
_2CC
999 _c578394
_d578394